Statistiken für Gemeinden von Vöcklabruck

Klicken Sie hier um das Quiz zu spielen!

Allgemein

  • Dieses Quiz wurde 342 mal gespielt
  • Das Durchschnittsergebnis liegt bei 30 aus 52

Antworten auf der Karte

Die Antworten werden auf der Karte rot bzw. grün angezeigt, abhängig davon wie oft sie richtig erraten wurden.
 

Antwortstatistiken

EinwohnerGemeinde% Korrekt
12.324Vöcklabruck
96%
1.583Attersee am Attersee
91%
3.777Mondsee
91%
9.042Attnang-Puchheim
87%
4.889Frankenburg am Hausruck
83%
4.390Schwanenstadt
83%
4.950Vöcklamarkt
83%
3.665Frankenmarkt
80%
1.589Weyregg am Attersee
80%
5.635Seewalchen am Attersee
78%
4.440St. Georgen im Attergau
78%
1.610Zell am Moos
78%
1.249Zell am Pettenfirst
78%
882Steinbach am Attergau
75%
6.700Regau
74%
5.672Timelkam
74%
3.459Schörfling am Attersee
72%
3.952Ottnang am Hausruck
71%
3.350Ampflwang im Hausruckwald
70%
5.159Lenzing
70%
1.462Unterach am Attersee
70%
2.965Gampern
67%
1.666Oberhofen am Irrsee
67%
1.126Nußdorf am Attersee
65%
2.623Neukirchen an der Vöckla
62%
1.729Aurach am Hongar
61%
1.596Redlham
61%
1.500Ungenach
59%
1.984Wolfsegg am Hausruck
59%
2.408Pöndorf
55%
1.492Straß im Attergau
54%
1.742Oberwang
49%
1.207Atzbach
48%
2.516St. Lorenz
45%
3.987Tiefgraben
43%
970Weißenkirchen im Attergau
41%
1.368Schlatt
39%
800Manning
38%
1.117Niederthalheim
38%
1.833Desselbrunn
36%
987Fornach
36%
2.103Rüstorf
35%
1.375Oberndorf bei Schwanenstadt
33%
1.176Innerschwand am Mondsee
30%
534Redleiten
30%
1.059Berg im Attergau
29%
621Pilsbach
28%
614Pühret
28%
1.080Puchkirchen am Trattberg
26%
296Rutzenham
23%
1.467Pfaffing
20%
533Pitzenberg
20%

Verteilung der Resultate

Perzentil nach korrekt beantworteten Fragen

Anzahl Personen mit jedem Resultat

Ihre Resultats-Entwicklung

Sie haben dieses Quiz noch nicht gespielt